Sustainable energy solutions for climate change
This book is a call to action on climate change, filled with clear and detailed information on the strategies we need to adopt to ensure a sustainable future for the planet. We have the technology needed to transform our fossil-fuel based energy systems into ecologically sustainable ones, and this b...
Đã lưu trong:
| 主要作者: | |
|---|---|
| 格式: | 图书 |
| 语言: | Undetermined |
| 出版: |
London
Routledge, Taylor & Francis Group
2014
|
| 主题: | |
| 标签: |
添加标签
没有标签, 成为第一个标记此记录!
|
| Thư viện lưu trữ: | Trung tâm Học liệu Trường Đại học Cần Thơ |
|---|
| LEADER | 01111nam a2200205Ia 4500 | ||
|---|---|---|---|
| 001 | CTU_228469 | ||
| 008 | 210402s9999 xx 000 0 und d | ||
| 082 | |a 333.794 | ||
| 082 | |b D564 | ||
| 100 | |a Diesendorf, Mark | ||
| 245 | 0 | |a Sustainable energy solutions for climate change | |
| 245 | 0 | |c Mark Diesendorf | |
| 260 | |a London | ||
| 260 | |b Routledge, Taylor & Francis Group | ||
| 260 | |c 2014 | ||
| 520 | |a This book is a call to action on climate change, filled with clear and detailed information on the strategies we need to adopt to ensure a sustainable future for the planet. We have the technology needed to transform our fossil-fuel based energy systems into ecologically sustainable ones, and this book argues that all we now need is the political will to do so. It uniquely brings together both the science and policy issues to provide a truly interdisciplinary approach. | ||
| 650 | |a Nguồn năng lượng tái tạo,Renewable energy sources | ||
| 650 | |x Chính sách chính phủ,Government policy | ||
| 910 | |b dqhieu | ||
| 980 | |a Trung tâm Học liệu Trường Đại học Cần Thơ | ||